<?xml version="1.0" encoding="UTF-8"?>
<collection xmlns="http://www.loc.gov/MARC21/slim">
 <record>
  <leader>00566pamaa2200169   4500</leader>
  <controlfield tag="001">0000023131</controlfield>
  <controlfield tag="005">20081031090000.0</controlfield>
  <datafield tag="020" ind1="0" ind2="0">
   <subfield code="a">031406947X </subfield>
  </datafield>
  <datafield tag="090" ind1="0" ind2="0">
   <subfield code="a">QA76.9.D6 </subfield>
   <subfield code="b">THW 1995</subfield>
  </datafield>
  <datafield tag="100" ind1="1" ind2="0">
   <subfield code="a">Thweatt </subfield>
  </datafield>
  <datafield tag="245" ind1="1" ind2="0">
   <subfield code="a">Computer science 1 : </subfield>
   <subfield code="b">laboratory manual using turbo pascal  </subfield>
   <subfield code="c">J. Mack Thweatt, Judith A. Hankins and Brenda C. Parker.</subfield>
  </datafield>
  <datafield tag="260" ind1="0" ind2="0">
   <subfield code="a">Mienapolis: </subfield>
   <subfield code="b">West Publishing, </subfield>
   <subfield code="c">1995.</subfield>
  </datafield>
  <datafield tag="300" ind1=" " ind2=" ">
   <subfield code="a">vi, 175p.; </subfield>
   <subfield code="c">26cm.</subfield>
  </datafield>
  <datafield tag="650" ind1="0" ind2="0">
   <subfield code="a">Structured programming </subfield>
  </datafield>
  <datafield tag="650" ind1="0" ind2="0">
   <subfield code="a">Turbo pascal (Computer program language) </subfield>
  </datafield>
  <datafield tag="700" ind1="1" ind2="1">
   <subfield code="a">Hankins, </subfield>
   <subfield code="h">Judith A </subfield>
  </datafield>
  <datafield tag="700" ind1="1" ind2="1">
   <subfield code="a">Parker, </subfield>
   <subfield code="h">Brenda C. </subfield>
  </datafield>
 </record>
</collection>
